[Event "Idaho Open"]
[Site "Boise, ID"]
[Date "2016.06.18"]
[Round "3.7"]
[White "Nyblade III, Wesley"]
[Black "Derryberry, DeWayne R"]
[Result "0-1"]
[WhiteElo "1256"]
[BlackElo "1665"]
[EventRounds "5"]
[EventCountry "USA"]

1. d4 e6 2. e3 f5 3. Bd3 Nf6 4. Nd2 d5 5. f4 Bd6 6. c3 O-O 7. Ngf3 Ne4 8. O-O
c5 9. Ne5 Nc6 10. g4 Bd7 11. Qf3 Qe7 12. g5 Nxg5 13. fxg5 Qxg5+ 14. Kh1 Nxe5
15. dxe5 Bxe5 16. c4 Bc6 17. Qh3 Rf6 18. cxd5 Rh6 19. Nf3 Qf6 20. Qg2 Bxd5 21.
e4 fxe4 22. Bxh6 exf3 23. Qg5 f2+ {#R} 0-1

[Event "Idaho Open"]
[Site "Boise, ID"]
[Date "2016.06.19"]
[Round "4.5"]
[White "Derryberry, DeWayne R"]
[Black "Casey, Braxton Wallace"]
[Result "0-1"]
[WhiteElo "1665"]
[BlackElo "1576"]
[EventRounds "5"]
[EventCountry "USA"]

1. d4 e6 2. e3 f5 3. Nf3 Nf6 4. c4 b6 5. Nc3 Bb7 6. Bd3 Bb4 7. Bd2 Bxc3 8.
Bxc3 d6 9. O-O Nbd7 10. d5 exd5 11. cxd5 Nxd5 12. Bxg7 Rg8 13. Bc3 Nxc3 14.
bxc3 Ne5 15. Be2 Qf6 16. g3 O-O-O 17. Nxe5 dxe5 18. Qa4 Kb8 19. Rfd1 Rdf8 20.
f4 Qh4 21. Rd7 Rxg3+ 22. hxg3 Qxg3+ 23. Kf1 Bg2+ {#R} 0-1

[Event "Idaho Open"]
[Site "Boise, ID"]
[Date "2016.06.19"]
[Round "5.5"]
[White "Booth, Tom R"]
[Black "Derryberry, DeWayne R"]
[Result "0-1"]
[WhiteElo "1500"]
[BlackElo "1665"]
[EventRounds "5"]
[EventCountry "USA"]

1. d4 e6 2. e4 d5 3. e5 c5 4. c3 Nc6 5. Nf3 Bd7 6. Be3 cxd4 7. Bxd4 Nxd4 8.
cxd4 Qb6 9. b3 f6 10. Be2 fxe5 11. dxe5 Bc5 12. O-O O-O-O 13. Nc3 Ne7 14. Na4
Bxa4 15. bxa4 h6 16. Rb1 Qc7 17. Qb3 Nc6 18. Rfc1 b6 19. Ba6+ Kd7 20. Bb5 Ke7
21. Bxc6 Qxc6 22. a5 Qd7 23. axb6 Bxb6 24. Qb4+ Kf7 25. Qf4+ Kg8 26. Nd4 Kh7
27. Qd2 Rhf8 28. Rc2 Rf7 29. Rbc1 Rdf8 30. Nf3 Qa4 31. Rc8 Qg4 32. Qd3+ Qe4
33. Qc3 g5 34. Rxf8 Rxf8 35. Re1 Qf4 36. Qc6 g4 37. Qd7+ Rf7 38. Qe8 gxf3 39.
Rc1 Bxf2+ 40. Kxf2 fxg2+ {#R} 0-1

[Event "Idaho Open"]
[Site "Pocatello, Idaho"]
[Date "2017.04.22"]
[Round "1"]
[White "Derrberry, DeWayne"]
[Black "Porth, Adam"]
[Result "1/2-1/2"]
[WhiteElo "1740"]
[BlackElo "1391"]

1.d4 d5 2.e3 Nf6 3.Bd3 e5 4.dxe5 Ng4 5.Nf3 Nc6 6.O-O Ngxe5 (6...Ncxe5 7.Be2
Bd6 8.Nbd2 c6 9.Nxe5 Nxe5 10.Nf3 O-O 11.Bd2 Nxf3+ 12.Bxf3 Qh4 13.g3 Qf6 14.Bc3
Be5 15.Bxe5 Qxe5 16.c3 Bh3 17.Bg2 Bxg2 18.Kxg2 Qe4+ 19.Kg1 f5 20.Qd4 Qf3
21.Qf4 Qe4 22.Qxe4 dxe4 23.Rfd1 Rfd8 24.Kf1 Kf7 25.Ke2 Ke6 26.Rd4 Rd6 27.g4
Rd5 28.Rxd5 cxd5 29.gxf5+ Kxf5 30.Rd1 Ke5 31.Rg1 Kf6 32.Rd1 Ke5) 7.Be2 Bd6
8.Nbd2 {#d} 1/2-1/2


[Site "Boise, ID"]
[Date "2018.06.09"]
[Round "1.4"]
[White "Derryberry, DeWayne"]
[Black "Clark, Eric"]
[Result "1-0"]
[WhiteElo "1724"]
[EventType "swiss"]
[EventRounds "4"]
[EventCountry "USA"]

1. d4 d5 2. Nf3 Nc6 3. e3 Nf6 4. Nbd2 e6 5. c4 b6 6. cxd5 exd5 7. Bb5 Bb7 8.
Ne5 Qd6 9. Qa4 a6 10. Bxc6+ Bxc6 11. Qxc6+ Qxc6 12. Nxc6 Ng8 13. Nf3 f6 14.
Bd2 a5 15. b4 Kd7 16. b5 Bd6 17. a4 g5 18. O-O Nh6 19. Bc1 Nf5 20. Ba3 g4 21.
Nd2 Rhg8 22. Bxd6 Kxd6 23. Rac1 Rg7 24. e4 Ne7 25. e5+ fxe5 26. dxe5+ Ke6 27.
f4 Nf5 28. Nb3 Re8 29. Nbd4+ Nxd4 30. Nxd4+ Kd7 31. Rc6 Rg6 32. Rxg6 hxg6 33.
Rc1 g5 34. g3 gxf4 35. gxf4 Rf8 36. f5 Rg8 37. Kg2 Rf8 38. Rc6 Kc8 39. f6 Rf7
40. Kg3 Kb7 41. e6 Rxf6 42. e7 {#r} 1-0

[Event "Summer Classic"]
[Site "Boise, ID"]
[Date "2018.07.14"]
[Round "1.2"]
[White "Wang, William"]
[Black "Derryberry, DeWayne"]
[Result "0-1"]
[WhiteElo "858"]
[BlackElo "1717"]
[EventType "swiss"]
[EventRounds "4"]
[EventCountry "USA"]

1. d4 e6 2. Nf3 f5 3. Bf4 Nf6 4. Nbd2 d5 5. h3 c5 6. c3 Qb6 7. Rb1 Nc6 8. e3
cxd4 9. Nxd4 e5 10. Nxc6 exf4 11. Ne5 fxe3 12. Qa4+ Bd7 13. Nxd7 exd2+ 14.
Kxd2 Nxd7 15. Bb5 O-O-O 16. Rbe1 Nc5 17. Qb4 Ne4+ 18. Kc1 Bxb4 {#R} 0-1

[Event "Summer Classic"]
[Site "Boise, ID"]
[Date "2018.07.14"]
[Round "2.2"]
[White "Derryberry, DeWayne"]
[Black "Bian, Raymond Botong"]
[Result "1-0"]
[WhiteElo "1717"]
[BlackElo "1326"]
[EventType "swiss"]
[EventRounds "4"]
[EventCountry "USA"]

1. d4 d5 2. Nf3 Nf6 3. e3 Bf5 4. c4 e6 5. Qb3 b6 6. Nc3 Be7 7. Nh4 Bg6 8. Nxg6
hxg6 9. Bd2 c6 10. Be2 O-O 11. cxd5 exd5 12. Bf3 Nbd7 13. O-O Rc8 14. Rfd1 b5
15. e4 Nb6 16. e5 Nfd7 17. Qc2 Nb8 18. Bg4 Rc7 19. Bf4 a5 20. e6 Bd6 21. Bg3
Bxg3 22. exf7+ Rfxf7 23. hxg3 Qf6 24. Re1 Rfe7 25. Ne2 Na6 26. a3 Nc4 27. Nf4
Rxe1+ 28. Rxe1 Re7 29. Be6+ Kh7 30. Nxg6 Kh6 31. Nxe7 Qxe7 32. Qc1+ Qg5 33.
Qxg5+ Kxg5 34. Re2 Kf6 {#r} 1-0

[Event "Summer Classic"]
[Site "Boise, ID"]
[Date "2018.07.14"]
[Round "3.1"]
[White "Zeng, Forrest"]
[Black "Derryberry, DeWayne"]
[Result "0-1"]
[WhiteElo "1343"]
[BlackElo "1717"]
[EventType "swiss"]
[EventRounds "4"]
[EventCountry "USA"]

1. e4 e6 2. d4 d5 3. exd5 exd5 4. c4 Bb4+ 5. Nc3 Ne7 6. a3 Bxc3+ 7. bxc3 O-O
8. Be2 Bf5 9. Nf3 dxc4 10. Bxc4 Nd7 11. O-O Nb6 12. Be2 Qd6 13. Be3 Ned5 14.
Bd2 Nf4 15. Bxf4 Qxf4 16. Qb3 Rae8 17. Ne5 Be6 18. Bc4 Nxc4 19. Nxc4 Qg5 20.
Kh1 b5 21. Qb2 Bxc4 22. Rfe1 Qd5 23. Qd2 f6 24. Qf4 Qd6 25. Qxd6 cxd6 26. Re3
Rxe3 27. fxe3 Re8 28. Re1 d5 29. Kg1 Re4 30. Kf2 Kf7 31. Kf3 Re7 32. Rb1 Bd3
33. Rd1 Be4+ 34. Kf2 Rc7 35. Rc1 Rc4 36. g3 a5 37. Ke2 b4 38. axb4 axb4 {#R}
0-1

[Event "Summer Classic"]
[Site "Boise, ID"]
[Date "2018.07.14"]
[Round "4.1"]
[White "Derryberry, DeWayne"]
[Black "Liu, James"]
[Result "1-0"]
[WhiteElo "1717"]
[BlackElo "1384"]
[EventType "swiss"]
[EventRounds "4"]
[EventCountry "USA"]

1. d4 Nf6 2. Nf3 g6 3. c4 Bg7 4. Nc3 O-O 5. g3 d5 6. cxd5 Nxd5 7. Bg2 Nxc3 8.
bxc3 Nc6 9. O-O e5 10. Ba3 Re8 11. d5 Ne7 12. e4 f5 13. Qb3 Kh8 14. Rfd1 fxe4
15. Ng5 Rf8 16. d6 Nc6 17. Nf7+ {#r} 1-0

[Event "Hall Of Fame"]
[Site "Boise, ID"]
[Date "2019.08.24"]
[Round "1.103"]
[White "Derryberry, DeWayne"]
[Black "Price, Joshua"]
[Result "1-0"]
[WhiteElo "1639"]
[BlackElo "1208"]
[EventType "swiss"]
[EventRounds "4"]
[EventCountry "USA"]

1. d4 d5 2. Nf3 Bf5 3. e3 e6 4. c4 c6 5. Qb3 Qc7 6. Nc3 Nf6 7. Bd2 Bd6 8. Rc1
Qe7 9. Be2 O-O 10. O-O b6 11. Nh4 Bg6 12. Nxg6 fxg6 13. cxd5 exd5 14. Bf3 Nbd7
15. e4 Kh8 16. e5 Bxe5 17. dxe5 Nxe5 18. Qd1 Nfd7 19. Re1 Nxf3+ 20. gxf3 Qf6
21. Nxd5 cxd5 22. Bc3 Qxf3 23. Qxf3 Rxf3 24. Re7 Nf6 25. Bd4 Rf4 26. Be5 Re4
27. Rcc7 Rxe5 28. Rxe5 Re8 29. Rxe8+ Nxe8 30. Rc8 Kg8 31. Rxe8+ Kf7 32. Ra8
Ke6 33. Rxa7 Ke5 34. Rxg7 Kd4 35. Rxh7 Kd3 36. Rh6 Kc2 37. Rxg6 d4 38. Rxb6 d3
39. h4 d2 40. Rd6 {#r} 1-0

[Event "Hall Of Fame"]
[Site "Boise, ID"]
[Date "2019.08.24"]
[Round "2.102"]
[White "Lange, Brian"]
[Black "Derryberry, DeWayne"]
[Result "0-1"]
[WhiteElo "1400"]
[BlackElo "1639"]
[EventType "swiss"]
[EventRounds "4"]
[EventCountry "USA"]

1. b3 d5 2. Bb2 Bf5 3. e3 e6 4. Nf3 Nf6 5. c4 c6 6. cxd5 exd5 7. d3 Be7 8. Be2
O-O 9. O-O Nbd7 10. Nbd2 h6 11. a3 Qb6 12. Qc2 Rfe8 13. Rfe1 Rac8 14. Rac1 Ng4
15. Nd4 g6 16. Nxf5 gxf5 17. d4 Qc7 18. g3 Nxe3 19. fxe3 Bg5 20. Nf1 Re6 21.
Qxf5 Rce8 22. Bg4 Nf6 23. Bf3 Ne4 24. Qxd5 Nxg3 25. Qc5 Nxf1 26. Rxf1 Bxe3+
27. Kh1 Bxc1 28. Rg1+ Bg5 29. h4 Qf4 30. hxg5 Qxf3+ {#R} 0-1

[Event "Hall Of Fame"]
[Site "Boise, ID"]
[Date "2019.08.24"]
[Round "3.101"]
[White "Derryberry, DeWayne"]
[Black "Pentico, Christopher"]
[Result "1-0"]
[WhiteElo "1639"]
[BlackElo "1472"]
[EventType "swiss"]
[EventRounds "4"]
[EventCountry "USA"]

1. d4 Nf6 2. Nf3 e6 3. e3 b6 4. Bd3 Bb7 5. O-O Nc6 6. c4 Be7 7. Nc3 Nb4 8. Be2
c5 9. a3 cxd4 10. exd4 Na6 11. d5 exd5 12. cxd5 d6 13. Bxa6 Bxa6 14. Qa4+ Qd7
15. Qxa6 O-O 16. Qd3 Qg4 17. h3 Qh5 18. Bf4 Rfe8 19. Rfe1 Bf8 20. Rxe8 Nxe8
21. Nd4 Rc8 22. Qf5 Qxf5 23. Nxf5 g6 24. Nd4 Rc4 25. Be3 Bg7 26. Nce2 Nf6 27.
Rc1 Rxc1+ 28. Nxc1 Nxd5 29. Kf1 f5 30. Nce2 b5 31. Nc3 Nxe3+ 32. fxe3 a6 33.
Nd5 Kf7 34. b3 Bf8 35. Ke2 Ke8 36. Nc7+ Kd7 37. Nxa6 d5 38. Nb4 Kd6 39. Nxb5+
Kc5 40. Nd4 Kb6 41. Nbc2 Ka5 42. Kd3 Bd6 43. Ne6 Be5 44. Nf4 g5 45. Nxd5 h5
46. a4 h4 47. Nc3 g4 48. b4+ Ka6 49. Ne2 Kb6 50. Kc4 Bf6 51. Ncd4 Bg5 52. Nxf5
gxh3 53. gxh3 Ka6 54. e4 Bf6 55. Ne3 Be5 56. Ng4 Bg3 57. e5 Kb6 58. a5+ Ka6
59. e6 Bd6 60. Nd4 Be7 61. Nf5 Bg5 62. e7 Bxe7 63. Nxe7 Kb7 64. Nf5 Ka6 65.
Nxh4 Kb7 66. Nf5 Ka6 67. h4 Kb7 68. b5 Kc7 69. h5 Kb7 70. h6 Ka7 71. h7 Kb7
72. h8=Q Ka7 73. Qg7+ Kb8 74. Kc5 Ka8 75. Kb6 Kb8 76. Qb7# 1-0

[Event "Hall Of Fame"]
[Site "Boise, ID"]
[Date "2019.08.24"]
[Round "4.101"]
[White "Zeng, Forrest"]
[Black "Derryberry, DeWayne"]
[Result "1/2-1/2"]
[WhiteElo "1528"]
[BlackElo "1639"]
[EventType "swiss"]
[EventRounds "4"]
[EventCountry "USA"]

1. e4 e6 2. d4 d5 3. exd5 exd5 4. c4 Nf6 5. Nf3 Bb4+ 6. Bd2 Bxd2+ 7. Nbxd2 O-O
8. Be2 Re8 9. O-O dxc4 10. Bxc4 Be6 11. Re1 Bxc4 12. Nxc4 Nbd7 13. Qb3 Nb6 14.
Rxe8+ Nxe8 15. Re1 Qd5 16. Qe3 Qd8 17. Nxb6 axb6 18. a3 Nd6 19. Qb3 Qd7 20.
Qd5 c6 21. Qb3 b5 22. Ne5 Re8 23. Kf1 Qe6 24. Qd3 f6 25. Nf3 Qc4 26. Qxc4+
bxc4 27. Rxe8+ Nxe8 28. Nd2 Nd6 29. Ke2 Kf7 30. Ke3 Ke6 31. g4 Kd5 32. Nb1 Nb5
33. Nc3+ Nxc3 34. bxc3 g5 35. f4 b5 36. h3 h6 37. f5 {#d} 1/2-1/2

[Event "Western Idaho Open"]
[Site "Boise, ID"]
[Date "2019.12.14"]
[Round "1.5"]
[White "Su, Darren"]
[Black "Derryberry, DeWayne"]
[Result "0-1"]
[WhiteElo "951"]
[BlackElo "1694"]
[EventType "swiss"]
[EventRounds "4"]
[EventCountry "USA"]

1. d4 e6 2. e4 d5 3. Nd2 Nf6 4. Bd3 c5 5. c3 cxd4 6. Bb5+ Nc6 7. exd5 Qxd5 8.
Bc4 Qxg2 9. Qf3 Qxf3 10. Ndxf3 dxc3 11. bxc3 Bc5 12. Ne2 O-O 13. O-O Na5 14.
Bb3 Nxb3 15. axb3 Bd7 16. Bg5 Be7 17. Rfd1 Bc6 18. Ne5 Rfd8 19. Nd4 Bd5 20. c4
Be4 21. f3 Bg6 22. Ra5 b6 23. Rb5 Rxd4 24. Rxd4 Bc5 25. Rxc5 bxc5 26. Rd6 h6
27. Be3 Bc2 28. Bxc5 Bxb3 29. Rc6 a5 30. Rb6 a4 31. Ba3 Rd8 32. c5 Rd1+ 33.
Kg2 Ra1 34. Bb2 Ra2 35. Nd3 Nd5 36. Rb8+ Kh7 37. c6 Bc4 38. Nc1 Rxb2+ 39. Rxb2
a3 40. Rd2 Bb5 41. Ra2 Bxc6 42. Rxa3 Kg6 43. Nd3 Kf5 44. Ra7 Kf6 45. Kg3 Bb5
46. Nf2 Ne3 47. Ng4+ Nxg4 48. Kxg4 Bd3 49. Ra4 Bf5+ 50. Kg3 g5 51. h3 h5 52.
h4 g4 53. fxg4 Bxg4 54. Rf4+ Ke7 55. Kf2 e5 56. Re4 Ke6 57. Ke3 f5 58. Rc4 Kd5
59. Rb4 f4+ 60. Kf2 e4 61. Ke1 Bf3 62. Kf2 Ke5 63. Rb5+ Kf6 64. Rg5 Bg4 65.
Ra5 e3+ 66. Ke1 f3 67. Kf1 Bh3+ 68. Kg1 f2+ 69. Kh2 f1=Q 70. Ra2 e2 71. Ra6+
Ke7 72. Rg6 Qf4+ 73. Rg3 Qxg3+ 74. Kxg3 e1=Q+ 75. Kxh3 Qc3+ 76. Kh2 Ke6 77.
Kg2 Kf5 78. Kf2 Ke4 79. Kg2 Kf4 80. Kh2 Kg4 81. Kg2 Qc2+ 82. Kh1 Kg3 83. Kg1
Qg2# 0-1

[Event "Western Idaho Open"]
[Site "Boise, ID"]
[Date "2019.12.14"]
[Round "2.2"]
[White "Derryberry, DeWayne"]
[Black "Booth, Tom"]
[Result "1/2-1/2"]
[WhiteElo "1694"]
[BlackElo "1500"]
[EventType "swiss"]
[EventRounds "4"]
[EventCountry "USA"]

1. d4 e6 2. c4 d5 3. Nc3 Nf6 4. Bg5 Be7 5. e3 O-O 6. Nf3 b6 7. Bd3 dxc4 8.
Bxc4 Bb7 9. O-O Re8 10. Rc1 Nbd7 11. Qb3 Bxf3 12. gxf3 c5 13. Bxf6 Nxf6 14. d5
exd5 15. Nxd5 Rf8 16. Rcd1 Nxd5 17. Bxd5 Bd6 18. Bxa8 Bxh2+ 19. Kxh2 Qh4+ 20.
Kg2 Qg5+ 21. Kh3 Qh5+ {#d} 1/2-1/2

[Event "Western Idaho Open"]
[Site "Boise, ID"]
[Date "2019.12.14"]
[Round "3.5"]
[White "Li, Bryan"]
[Black "Derryberry, DeWayne"]
[Result "0-1"]
[WhiteElo "1435"]
[BlackElo "1694"]
[EventType "swiss"]
[EventRounds "4"]
[EventCountry "USA"]

1. e4 e6 2. d4 d5 3. e5 c5 4. c3 Nc6 5. Nf3 Bd7 6. a3 f6 7. Bf4 cxd4 8. cxd4
fxe5 9. Nxe5 Nf6 10. Nc3 Be7 11. Be2 O-O 12. Qb3 Nxd4 13. Qxb7 Nc2+ 14. Kd2
Nxa1 15. Rxa1 Qc8 16. Qb3 Rb8 17. Qc2 d4 18. Nd1 Qxc2+ 19. Kxc2 Ba4+ 20. Kc1
Rbc8+ 21. Kd2 Ne4+ 22. Kd3 Rxf4 {#R} 0-1

[Event "Western Idaho Open"]
[Site "Boise, ID"]
[Date "2019.12.14"]
[Round "4.3"]
[White "Derryberry, DeWayne"]
[Black "Kodihalli, Kaustubh"]
[Result "0-1"]
[WhiteElo "1694"]
[BlackElo "1594"]
[EventType "swiss"]
[EventRounds "4"]
[EventCountry "USA"]

1. d4 d5 2. Nf3 c6 3. e3 Bf5 4. c4 e6 5. Qb3 Qb6 6. Nc3 Nf6 7. Bd2 Nbd7 8. Be2
Be7 9. O-O O-O 10. c5 Qc7 11. Nh4 Bg6 12. Nxg6 hxg6 13. Qc2 e5 14. b4 a5 15.
b5 Rfe8 16. g3 Nf8 17. Na4 N6d7 18. b6 Qb8 19. Rad1 exd4 20. exd4 Bxc5 21.
dxc5 Rxe2 22. Qd3 Re8 23. Bf4 Qc8 24. Bd6 Nf6 25. f4 Ne4 26. Be5 Nd7 27. Bd4
f5 28. Kg2 Ndf6 29. Bxf6 Nxf6 30. Nc3 Qd7 31. Ne2 Ng4 32. Rf3 Qe7 {#R} 0-1

[Event "Idaho Open"]
[Site "Pocatello, ID"]
[Date "2019.04.06"]
[Round "1"]
[White "Derryberry, DeWayne"]
[Black "McKenzie, Nial"]
[Result "1-0"]
[WhiteElo "1629"]
[BlackElo "771"]

1. f4 d5 2. Nf3 Nc6 3. d4 g6 4. e3 Bg7 5. c3 Nf6 6. Bd3 O-O 7. O-O Bg4 8. h3
Bxf3 9. Qxf3 e6 10. Nd2 a5 11. e4 dxe4 12. Nxe4 Re8 13. Nc5 Rb8 14. Nxb7 Rxb7
15. Qxc6 Rb6 16. Qf3 Qd6 17. b3 Rbb8 18. Bc4 a4 19. bxa4 c5 20. Ba3 Nd7 21.
Bb5 Qc7 22. Bxc5 Rec8 23. Bb4 Bf8 24. Bxf8 Kxf8 25. c4 Nb6 26. c5 {#r} 1-0

[Event "ICA Players' Memorial"]
[Site "Chess.com"]
[Date "2020.08.01"]
[Round "1"]
[White "Houser, John"]
[Black "Derryberry, DeWayne"]
[Result "0-1"]
[WhiteElo "1159"]
[BlackElo "1657"]

1. d4 } e6 } 2. Bf4 } d5 } 3. a3 } Nf6 } 4. Nf3 } c5 } 5. e3 } Nc6 } 6. c3 }
Nh5 } 7. Bg3 } Nxg3 } 8. hxg3 } Qb6 } 9. Qc2 } Be7 } 10. b4 } cxb4 } 11. axb4
} h6 } 12. g4 } Bd7 } 13. g5 } Nxb4 } 14. cxb4 } Bxb4+ } 15. Nbd2 } Rc8 } 16.
Qb2 } a5 { } 17. gxh6 } Rxh6 } 18. Rxh6 { } gxh6 } 19. Be2 } Qd6 } 20. Ne5 }
Bc3 } 21. Qa2 } Bxa1 } 22. Qxa1 } Qb4 } 23. Bd1 { } Rc3 } 24. Qb1 } Qxb1 } 25.
Nxb1 } Rc1 } 26. Na3 } Ba4 } 27. Kd2 } Rxd1+ } 28. Kc3 { } b5 } 29. Kb2 } Rd2+
} 30. Kc1 } Rxf2 } 31. g4 } b4 } 32. Nb1 } Re2 } 33. Nd2 { } Rxe3 } 34. Ndf3 }
Rc3+ } 35. Kb2 } f6 } {#R} 0-1

[Event "ICA Players' Memorial"]
[Site "Chess.com"]
[Date "2020.08.01"]
[Round "3"]
[White "Fugal, Jeremy"]
[Black "Derryberry, DeWayne"]
[Result "1-0"]
[WhiteElo "1949"]
[BlackElo "1657"]

1. d4 } e6 } 2. c4 } f5 } 3. Nc3 } Nf6 } 4. Bg5 } h6 } 5. Bxf6 } Qxf6 } 6. e4
} d6 } 7. exf5 } exf5 } 8. h4 } c6 } 9. Qd2 } Be7 } 10. Be2 } a5 } 11. Bh5+ }
g6 } 12. Be2 } Na6 } 13. Nf3 { } f4 } 14. Ne4 } Qf5 } 15. Bd3 } Nb4 } 16. Bb1
} Qg4 } 17. Rh2 } O-O } 18. a3 } d5 } 19. Nc3 } Qe6+ } 20. Ne5 } Na6 } 21.
Bxg6 } Bd6 { } 22. cxd5 } cxd5 } 23. h5 { } Bxe5 } 24. dxe5 } Qxe5+ } 25. Qe2
} Qxe2+ } 26. Nxe2 } f3 } 27. Nc3 } d4 } 28. Nb5 { } Bf5 } 29. Bxf5 } Rxf5 }
30. Nxd4 } Re8+ } 31. Kf1 } fxg2+ } 32. Rxg2+ } Rg5 } 33. Nf5 } Kh7 } 34. Rxg5
} hxg5 { } 35. Rd1 } Nc5 } 36. b4 } axb4 } 37. axb4 } Re5 } 38. Ng3 } Ne6 }
39. Rd7+ } Kh6 { } 40. Rxb7 } Nf4 } 41. Rb6+ { } Kh7 } 42. b5 } Rd5 } 43. f3 }
Rd1+ } 44. Kf2 } Rd2+ } 45. Ke3 } Rb2 } 46. Rb7+ { } Kh6 } 47. Ke4 } Rb4+ }
48. Kf5 } {#r} 1-0

[Event "ICA Players' Memorial"]
[Site "Chess.com"]
[Date "2020.08.01"]
[Round "4"]
[White "Derryberry, DeWayne"]
[Black "Wang, Leo"]
[Result "1-0"]
[WhiteElo "1657"]
[BlackElo "1595"]

1. d4 } d5 } 2. Nf3 } Nf6 { } 3. e3 } Bf5 } 4. c4 } dxc4 } 5. Bxc4 } e6 } 6.
Nc3 } Bb4 } 7. Qb3 } Bxc3+ } 8. bxc3 } Be4 } 9. Ba3 } Nbd7 } 10. Be2 } Nd5 }
11. c4 { } Ne7 } 12. O-O } O-O } 13. Rfd1 } Nb6 } 14. Rac1 } Re8 } 15. Ne5 }
f6 } 16. Nf3 { } a5 } 17. Nd2 } Bc6 } 18. Qb2 } Na4 } 19. Qa1 } Nb6 } 20. Nb3
} Qc8 } 21. Nc5 { } Ng6 } 22. Bh5 } Nd7 } 23. d5 } exd5 } 24. cxd5 } Bb5 } 25.
Qb1 } Ba6 } 26. Nxa6 { } Rxa6 } 27. Bxg6 } hxg6 } 28. Qxg6 } b5 } 29. Rxc7 }
Qxc7 } 30. Qxe8+ } Kh7 } 31. Qh5+ } Kg8 } 32. d6 } Qc2 } 33. Qd5+ } Kh8 } 34.
Qd2 } Qc6 } 35. Rc1 } Qb6 } 36. h3 { } b4 } 37. Rc8+ } Kh7 } 38. Qd3+ } Kh6 }
39. Bc1 } g5 } 40. Rh8+ } Kg7 } 41. Qh7# { } 1-0